Countries That Have Controlled Moscow - Statistics

General Stats
  • This quiz has been taken 80 times
    73 since last reset
  • The average score is 14 of 19
Answer Stats
Hint Answer % Correct
1721-1812 The Russian Empire
98%
1812-1917 The Russian Empire
98%
1991-Present Day The Russian Federation
98%
September-November 1917 The Russian Republic
98%
1917-1922 The Russian Soviet Federative Socialist Republic
98%
1547-1571 The Tsardom of Russia
98%
1571-1610 The Tsardom of Russia
98%
1612-1721 The Tsardom of Russia
98%
1922-1991 The Union of Soviet Socialist Republics
91%
September-October 1812 The First French Empire
85%
January 1238 The Mongol Empire
81%
1610-1612 The Polish–Lithuanian Commonwealth
72%
1263-1382 The Grand Duchy of Moscow
64%
1382-1547 The Grand Duchy of Moscow
64%
August 1382 The Golden Horde
43%
1147-1157 The Duchy of Vladimir-Suzdal
19%
1157-1238 The Grand Duchy of Vladimir
19%
1238-1263 The Grand Duchy of Vladimir
19%
May 1571 The Crimean Khanate
13%
No matching quizzes found
Score Distribution
Percent of People with Each Score
Percentile by Number Answered
Your Score History
You have not taken this quiz since the last reset